[Event "SVK-ch U12 rapid"]
[Site "Poprad"]
[Date "2025.05.03"]
[Round "3"]
[White "Holik, Ondrej1"]
[Black "Sventek, Jakub"]
[Result "1-0"]
[WhiteElo "1444"]
[BlackElo "1453"]
[PlyCount "123"]
[EventDate "2025.05.03"]
[EventType "swiss (rapid)"]
[EventRounds "7"]
[EventCountry "SVK"]
[SourceTitle "CB19_2025"]
[SourceDate "2025.05.07"]
[SourceVersion "1"]
[SourceVersionDate "2025.05.07"]
[SourceQuality "1"]

1. e4 e5 2. Nf3 Nc6 3. d4 d6 4. dxe5 dxe5 5. Qxd8+ Kxd8 6. Nc3 Nf6 7. Bd3 Be6 8. Bd2 Bc5 9. Rf1 Ke7 10. 0-0-0 Nd4 11. Nxe5 Rad8 12. Nf3 Nxf3 13. gxf3 Bd4 14. a3 Bxc3 15. Bxc3 Rhg8 16. Bb4+ Ke8 17. Bb5+ c6 18. Rxd8+ Kxd8 19. Rd1+ Kc7 20. Be2 Rd8 21. Rxd8 Kxd8 22. Kd2 Kc7 23. Bf8 g6 24. Be7 Nh5 25. Bg5 f6 26. Be3 g5 27. Kd3 b6 28. b4 b5 29. Kd4 Kd6 30. c4 bxc4 31. Bxc4 Bxc4 32. Kxc4 a6 33. Bd4 h6 34. a4 Kc7 35. Kc5 Kb7 36. Kd6 a5 37. bxa5 Ka6 38. Kxc6 Kxa5 39. Kd6 Kxa4 40. Ke6 Kb4 41. Bxf6 Nxf6 42. Kxf6 Kc4 43. e5 Kd5 44. e6 Kd4 45. e7 Kd3 46. e8Q Kd2 47. Qe3+ Kd1 48. Qa3 g4 49. fxg4 h5 50. gxh5 Ke1 51. h6 Kf1 52. h7 Kg2 53. Qg3+ Kh1 54. Qf3+ Kg1 55. Qe2 Kxh2 56. h8R+ Kg1 57. Qg4+ Kf1 58. Rh1+ Kxf2 59. Rh3 Ke1 60. Rh2 Kf1 61. Kf5 Ke1 62. Qe2# 1-0

[Event "SVK-chT U12 rapid"]
[Site "Poprad"]
[Date "2025.05.02"]
[Round "3.14"]
[White "Banas, Daniel"]
[Black "Sventek, Jakub"]
[Result "1-0"]
[WhiteElo "1310"]
[BlackElo "1453"]
[PlyCount "73"]
[EventDate "2025.05.02"]
[EventType "team-swiss (rapid)"]
[EventRounds "7"]
[EventCountry "SVK"]
[SourceTitle "CB19_2025"]
[SourceDate "2025.05.07"]
[SourceVersion "1"]
[SourceVersionDate "2025.05.07"]
[SourceQuality "1"]

1. e4 e5 2. Nf3 Nc6 3. Bb5 a6 4. Ba4 Nf6 5. d3 b5 6. Bb3 Bc5 7. c3 h6 8. Be3 d6 9. Bxc5 dxc5 10. 0-0 Bg4 11. h3 Bh5 12. Nbd2 c4 13. dxc4 bxc4 14. Bxc4 Bxf3 15. Nxf3 Qxd1 16. Raxd1 0-0 17. Bd5 Ne7 18. Bxa8 Rxa8 19. Nxe5 Nxe4 20. Rfe1 Nf6 21. Nd7 Nxd7 22. Rxd7 Re8 23. Rexe7 Rf8 24. Rxc7 g6 25. Ra7 h5 26. Rxa6 g5 27. Rea7 Kg7 28. Ra8 Rxa8 29. Rxa8 f6 30. Ra7+ Kg6 31. Ra6 Kf5 32. a4 g4 33. hxg4+ Kxg4 34. Rxf6 h4 35. a5 h3 36. gxh3+ Kxh3 37. Rg6 1-0

[Event "SVK-chT U12 rapid"]
[Site "Poprad"]
[Date "2025.05.02"]
[Round "6.22"]
[White "Sventek, Jakub"]
[Black "Skypala, Simon"]
[Result "0-1"]
[WhiteElo "1453"]
[BlackElo "1530"]
[PlyCount "76"]
[EventDate "2025.05.02"]
[EventType "team-swiss (rapid)"]
[EventRounds "7"]
[EventCountry "SVK"]
[SourceTitle "CB19_2025"]
[SourceDate "2025.05.07"]
[SourceVersion "1"]
[SourceVersionDate "2025.05.07"]
[SourceQuality "1"]

1. e4 c5 2. Nf3 d6 3. Nc3 Bg4 4. h3 Bxf3 5. Qxf3 e5 6. Bc4 Nf6 7. d3 Be7 8. Bg5 h6 9. Bxf6 Bxf6 10. Qh5 0-0 11. Bd5 Nc6 12. 0-0 Qb6 13. Kh1 Nb4 14. Bb3 Nc6 15. f4 Nd4 16. fxe5 Bxe5 17. Bxf7+ Kh8 18. Nd5 Qd8 19. Ne3 Bf6 20. Rxf6 Qxf6 21. Bd5 Qg5 22. Qxg5 hxg5 23. Bxb7 Rab8 24. Bd5 Rxb2 25. Bb3 Nxb3 26. cxb3 Rff2 27. Nd5 Rxa2 28. Rxa2 Rxa2 29. b4 cxb4 30. Nxb4 Rb2 31. Nc6 Ra2 32. Nb4 Ra1+ 33. Kh2 a5 34. Nc6 a4 35. Nd4 a3 36. Nb3 Rb1 37. Nd2 a2 38. Nxb1 axb1Q 0-1